| 000 | 01296cam a22003257i 4500 | ||
|---|---|---|---|
| 001 | 4112 | ||
| 005 | 20260318135151.0 | ||
| 020 | _a9780764166617 | ||
| 040 |
_aIMF _beng _cIMF _erda _dAU@ _dOCLCO _dBTCTA _dOCLCO _dDLC |
||
| 100 | 1 |
_aWehrmeijer, Annelien _eauthor |
|
| 245 | 1 | 0 |
_aRuby & Molly / _cby Annelien Wehrmeijer |
| 246 | 3 | _aRuby and Molly | |
| 250 | _aFirst edition for North America | ||
| 260 |
_aNew York : _bBarron's Educational Series , Inc ; _c2014 |
||
| 300 |
_a10 unnumbered pages : _bcolor illustrations ; _c13 cm . |
||
| 490 | 0 | _aMy best friend & me | |
| 500 | _aWARNING: CHOKING HAZARD - Small parts. Not for children under 3 yrs. | ||
| 505 | _aC | ||
| 520 | _a"Ruby and her best friend Molly love being outdoors in every season. Together they learn that Molly's fleece is very useful. Use the Molly finger puppet to make the story come alive!"--Back cover. | ||
| 521 |
_a80
_bLexile estimate |
||
| 521 |
_aC
_bRaz-Plus |
||
| 650 | 0 |
_aSheep _vJuvenile fiction. |
|
| 650 | 0 |
_aFriendship _vJuvenile fiction. |
|
| 650 | 0 |
_aSeasons _vJuvenile fiction. |
|
| 650 | 0 |
_aToy and movable books _vSpecimens. |
|
| 650 | 0 | _aBoard books. | |
| 700 | 1 |
_aLeijgraaf, Deborah van de _eillustrator |
|
| 906 |
_a7 _bcbc _ccopycat _d2 _encip _f20 _gy-gencatlg |
||
| 942 |
_2ddc _cBK _n0 |
||
| 999 |
_c4112 _d4112 |
||